Statistiken für Länder nach Emoji

Klicken Sie hier um das Quiz zu spielen!

Allgemein

  • Dieses Quiz wurde 15.058 mal gespielt
  • Das Durchschnittsergebnis liegt bei 17 aus 21

Antwortstatistiken

EmojisLand% Korrekt
🍷 🎨 🥐Frankreich
99%
🍝 🍕 🚣🏽‍Italien
99%
🍣 🗻 🌸Japan
93%
💷 💂🏻 👑Vereinigtes Königreich
93%
🗽 ⚾ 🤠Vereinigte Staaten
93%
🐻 🏒 🍁Kanada
92%
🐨 🏄🏽‍ 🐍Australien
91%
🍺 ⚽️ 🏎Deutschland
89%
🌮 🌶 🌵Mexiko
89%
🐼 🍚 🏭China
87%
🎿 🚠 🏔Österreich
85%
🍀 🍺 ☁️Irland
83%
🧀 🌷 🚲Niederlande
82%
🏏 🐯 👳🏾‍Indien
81%
🍫 🧀 ⌚Schweiz
81%
🏛 🏺 🎭Griechenland
78%
🌋 ❄️ 🐳Island
74%
⚽️ 👙 ☕️Brasilien
65%
🐑 🥝 🏈Neuseeland
65%
🏖 🏎 💰Monaco
51%
🗿 🐧 🌎Chile
45%

Verteilung der Resultate

Perzentil nach korrekt beantworteten Fragen

Anzahl Personen mit jedem Resultat

Ihre Resultats-Entwicklung

Sie haben dieses Quiz noch nicht gespielt